Comunicación gubernamental (Registro nro. 7082)
[ vista simple ]
| 000 -LEADER | |
|---|---|
| fixed length control field | 01495 a2200301 4500 |
| 001 - CONTROL NUMBER | |
| control field | 60626 |
| 005 - DATE AND TIME OF LATEST TRANSACTION | |
| control field | 20260407155858.0 |
| 008 - FIXED-LENGTH DATA ELEMENTS--GENERAL INFORMATION | |
| fixed length control field | 260407a2001 arg spa d |
| 003 - CONTROL NUMBER IDENTIFIER | |
| control field | AR-UNSa-BCEJYS |
| 040 ## - CATALOGING SOURCE | |
| Original cataloging agency | AR-UNSa-BCEJYS |
| Language of cataloging | spa |
| Transcribing agency | AR-UNSa-BCEJYS |
| 080 ## - UNIVERSAL DECIMAL CLASSIFICATION NUMBER | |
| Universal Decimal Classification number | 316.77:32 |
| Common auxiliary subdivision | Comunicación política |
| 020 ## - INTERNATIONAL STANDARD BOOK NUMBER | |
| International Standard Book Number | 978-950-12-2713-0 |
| 041 ## - LANGUAGE CODE | |
| Language code of text/sound track or separate title | spa |
| 100 1# - MAIN ENTRY--PERSONAL NAME | |
| Personal name | De Masi, Oscar Andrés |
| 245 10 - TITLE STATEMENT | |
| Title | Comunicación gubernamental |
| 264 #1 - PRODUCTION, PUBLICATION, DISTRIBUTION, MANUFACTURE, AND COPYRIGHT NOTICE | |
| Place of production, publication, distribution, manufacture | Buenos Aires : |
| Name of producer, publisher, distributor, manufacturer | Paidós |
| Date of production, publication, distribution, manufacture, or copyright notice | 2001 |
| 300 ## - PHYSICAL DESCRIPTION | |
| Extent | 217 p. |
| Dimensions | 23 cm. |
| 505 ## - FORMATTED CONTENTS NOTE | |
| Formatted contents note | 1. La comunicación gubernamental en perspectiva histórica / Oscar Andrés De Masi - 2. Notas sobre una experiencia de comunicación gubernamental: el Ministerio de Economía argentino, 1991-1996 / Guillermo Gasió y Belén Amadeo (con colaboración de María Jaunarena) – 3. Marketing y comunicación de gobierno / Luis Stuhlman – 4. Libertad de información e información reservada del Estado / Damián Loreti – 5. Comunicación y seguridad / Sergio Crivelli – 6. Secretarios de Prensa en los Estados Unidos y en la Argentina / Mariana Barresi – 7. Los órganos de la administración nacional encargados de la comunicación gubernamental / Carmen Porqueres de Sycz |
| 590 ## - LOCAL NOTE (RLIN) | |
| Local note | niveau_biblio:m niveau_hierar:0 |
| 700 1# - ADDED ENTRY--PERSONAL NAME | |
| Personal name | Amadeo, Belén |
| 700 1# - ADDED ENTRY--PERSONAL NAME | |
| Personal name | Barresi, Mariana |
| 700 1# - ADDED ENTRY--PERSONAL NAME | |
| Personal name | Crivelli, Sergio |
| 700 1# - ADDED ENTRY--PERSONAL NAME | |
| Personal name | Casió, Guillermo |
| 700 1# - ADDED ENTRY--PERSONAL NAME | |
| Personal name | Loreti, Damián |
| 700 1# - ADDED ENTRY--PERSONAL NAME | |
| Personal name | Posqueres de Sycz, Carmen |
| 700 1# - ADDED ENTRY--PERSONAL NAME | |
| Personal name | Stuhlamn, Luis |
| 942 ## - ADDED ENTRY ELEMENTS (KOHA) | |
| Koha item type | |
| Withdrawn status | Lost status | Damaged status | Not for loan | Home library | Current library | Shelving location | Date acquired | Total checkouts | Full call number | Barcode | Date last seen | Price effective from | Koha item type | Public note |
|---|---|---|---|---|---|---|---|---|---|---|---|---|---|---|
| Biblioteca Prof. Eusebio Cleto del Rey | Biblioteca Prof. Eusebio Cleto del Rey | 07/04/2026 | 316.77:32 D278 | L129273 | 07/04/2026 | 07/04/2026 | Libro | RESALTADOR PÁG 15,25,67 A 69,74,76 |